Diplomacia a ekonomika

Bibliographic Details
Main Authors: Genscher, Hans-Dietrich, 1927-2016 (Author), Jurík, Ľuboš, 1947-2021 (Author)
Format: Article
Language:Slovak
PhysicalDescription:Obr. 1
ISSN:1335-0703
Subjects:

MARC

LEADER 00000nab a2200000 a 4500
001 vtls000600452
003 SK-MaSNL
005 20260304024229.0
008 140429c1996 xo 0 slo
015 |a SNBRB19rr/mm-uuuuu 
035 |a CL0600591 
040 |a SNKBUCL  |b slo  |c SNKBUCL  |e AACR2 
041 0 |a slo 
044 |a xo  |c SK 
080 |a 338.1(4):341.7(4)  |2 1981 
080 |a 341.7(4)  |2 1981 
080 |a 327(4)  |2 1981 
100 1 |a Genscher, Hans-Dietrich,  |d 1927-2016  |4 aut  |9 159321 
245 1 0 |a Diplomacia a ekonomika  |c Hans Dietrich Genscher, Ľuboš Jurík 
300 |b Obr. 1 
650 0 7 |a ekonomika  |2 snkbucl  |9 789 
650 0 7 |a diplomacia  |2 snkbucl  |9 1254 
655 7 |a články z novín a časopisov  |2 snkbucl  |9 267496 
700 1 |a Jurík, Ľuboš,  |d 1947-2021  |4 aut  |9 98669 
773 0 |t Parlamentný kuriér  |g Roč. 4, č. 30 (1996), s. 40  |x 1335-0703 
850 |a Slovenská národná knižnica v Martine  |a MTA001 
852 |a SNK  |b KIS3GCP 
958 |a SK 
958 |a RK 
992 |a RBX 
999 |c 2620719  |d 2622649